Cálculo diferencial e integral

Bibliographic Details
Main Author: Piskunov, N
Format: Section = Libro
Language:Undetermined
Spanish
Published: Moscú Mir Moscú 1983
Edition:5a.ed.
Subjects:
LEADER 00511nam a2200205Ia 4500
008 241007s9999||||xx |||||||||||||| ||und||
040 |a BIBLIOTECA-RURC/ 515.33 P676 
041 |a spa 
082 |a 515.33 P676 
100 1 |a Piskunov, N 
245 1 0 |a Cálculo diferencial e integral 
250 |a 5a.ed. 
260 |a Moscú  |b Mir Moscú  |c 1983 
300 |a 448 p. :il. 
650 7 |a TEORIA DE LOS NUMEROS 
650 7 |b  FUNCIONES 
650 7 |c  NUMEROS COMPLEJOS 
942 |c BK  |2 ddc 
991 |a TEXTO 
999 |c 14358